Statistics for FIFA 23 Centurions

Click here to take the quiz!

General Stats

  • This quiz has been taken 86 times
    (48 since last reset)
  • The average score is 26 of 45

Answer Stats

RatingPositionClubPlayer% Correct
Team 191CAMParis Saint-GermainNeymar
94%
Team 188LBBarcelonaJordi Alba
91%
Team 190RBLiverpoolTrent Alexander-Arnold
91%
Team 188STLeicesterJamie Vardy
88%
Team 293RWLiverpoolMohamed Salah
88%
Team 289CAMBorussia DortmundMarco Reus
82%
Team 189STMonacoWissam Ben Yedder
82%
Team 189GKJuventusWojciech Szczęsny
82%
Team 1 SBC89RWManchester CityRiyad Mahrez
79%
Team 287LWAjaxDušan Tadić
76%
Team 289CMParis Saint-GermainMarco Verratti
76%
Team 186CBParis Saint-GermainPresnel Kimpembe
76%
Team 290STAC MilanZlatan Ibrahimović
76%
Team 186CBInter MilanAlessandro Bastoni
73%
Team 186CMLiverpoolJames Milner
70%
Team 1 Player SBC87RBGlasgow RangersJames Tavernier
67%
Team 185CDMVfL WolfsburgMaximilian Arnold
67%
Team 288CMManchester UnitedFred
64%
Team 287STCelta VigoIago Aspas
64%
Team 186CAMAS RomaLorenzo Pellegrini
64%
Team 1 Player SBC85LWGlasgow RangersRyan Kent
64%
Team 286GKOlympique LyonAnthony Lopes
61%
Team 2 SBC87CDMWest Ham UnitedDeclan Rice
61%
Team 1 SBC88LWRennaisMartin Terrier
61%
Team 187LWAC MilanAnte Rebić
58%
Team 286LBFreiburgChristian Günter
58%
Team 1 Mini Release87RBReal MadridLucas Vázquez
58%
Team 187RMReal BetisJoaquín
52%
Team 285RBAC MilanDavide Calabria
48%
Team 1 OBJ87GKRB LeipzigPéter Gulácsi
48%
Team 2 Mini Release85RWBenficaRafa Silva
48%
Team 2 OBJ87RMSassuoloDomenico Berardi
45%
Team 185CAMMonchengladbachFlorian Neuhaus
45%
Team 287CBChelseaCésar Azpilicueta
39%
Team 286LBFiorentinaCristiano Biraghi
39%
Team 285RWAC MilanAlexis Saelemaekers
36%
Team 1 SBC87STAthletic BilbaoRaúl García
36%
Team 285STGironaCristhian Stuani
33%
Team 2 Mini Release84CBNantesNicolas Pallois
33%
Team 1 Mini Release87STSampdoriaFabio Quagliarella
30%
Silver Stars OBJ74RBCrystal PalaceJoel Ward
30%
Team 1 Mini Release85CBEintracht FrankfurtMakoto Hasebe
30%
Team 2 Mini Release86RBEvertonSéamus Coleman
30%
Team 2 SBC87CBLazioȘtefan Radu
30%
Team 2 SBC87CAMCádizÁlex Fernández
27%

Score Distribution

Percentile by Number Answered

Percent of People with Each Score

Your Score History

You have not taken this quiz since the last reset